Die teuersten Fußballtransfers - Innenverteidiger - Saison 2017-2018 - Statistiken

Allgemein
  • Dieses Quiz wurde 16 mal gespielt
  • Das Durchschnittsergebnis liegt bei 7 aus 10
Antwortstatistiken
Ablöse (M €) Nationalität Abgebender Verein Aufnehmender Verein Spieler % Korrekt
35,00 Deutschland AS Rom FC Chelsea Antonio Rüdiger
100%
84,65 Niederlande Southampton FC Liverpool Virgil van Dijk
100%
65,00 Frankreich / Spanien Athletic Bilbao Manchester City Aymeric Laporte
92%
42,00 Italein Juventus Turin AC Mailand Leonardo Bonucci
92%
35,00 Schweden Benfica Manchester United Victor Lindelöf
83%
34,00 Slovakei Sampdoria Inter Mailand Milan Skriniar
67%
42,00 Kolumbien AjaxAmsterdam Tottenham Davinson Sánchez
58%
31,10 Italien Atalanta Bergamo Inter Mailand Alessandro Bastoni
50%
30,00 Brasilien Real Madrid Manchester City Danilo
50%
32,00 Spanien Real Sociedad Athletic Iñigo Martínez
33%
Keine übereinstimmenden Quizze gefunden
Verteilung der Resultate
Anzahl Personen mit jedem Resultat
Perzentil nach korrekt beantworteten Fragen
Ihre Resultats-Entwicklung
Sie haben dieses Quiz noch nicht gespielt